1834 1179 1869 1461 1969 1555 1021 1351 1512 1056 1368 1219 1995 1314 1630 1714 1980 1715 1659 1057 1982 1751 1151 1234 1324 1129 1576 1127 1400 1873 1806 1494 1479 1633 1385 1767 1303 1370 1619 1117 1896 1636 1596 1043 1204 1025 1503 1796 1729 1120 1119 1481 1404 1878 1456 1966 1242 1825 1364 1834 1784 1579 1378 1268 1805 1220 1276 1347 1552 1703 1220 1360 1270 1301 1052 1202 1994 1121 1156 1478 1778 1886 1400 1734 1458 1961 1104 1141 1505 1008 1577 1392 1992 1943 1903 1109 1119 1734 1227 BCNSPRNW ULIB Ver.6.0+V

เปลี่ยนเป็นภาษาไทย

Change to English
 แสดงรายละเอียดบรรณานุกรม
  กลับหน้าหลัก

Brief Record : Get Marc (ISO 2709) : E-mail record : QR code < ปิดหน้าต่าง
LEADER : 00000nam 2200000uu 4500
001    13399127932
003     ULIB
008    211115s2021||||th 000 0 tha d
020    ^a9780729543392
060 04 ^aWY18.2^bM549
245 00 ^aMental health in Nursing Theory and Practice for Clinical Settings /^cconsulting editors, Kim Foster... [et al.]
250    ^a5th ed.
260    ^aPhiladelphia :^bElsevier,^c2021
300    ^axi, 490 p. ;^c29 cm.
650  0 ^anursing
650  2 ^aMental^xnursing
700 1  ^aKim, Foster,^eed.
700 1  ^aPeta, Marks,^eed.
700 1  ^aAnthony J, O Brien,^eed.
700 1  ^aToby, Raeburn,^eed.
945    ^p2541^l0^i008519
999    ^aประนอม เกษจรัล
รายการนี้ยังไม่มีแท็ก
คุณยังไม่ได้ล็อกอิน คุณสามารถมีกิจกรรมร่วมกับเว็บไซต์ได้ แต่ต้องล็อกอินก่อน ::
  ล็อกอิน

รายการสื่อสารสนเทศ

ลำดับที่ ประเภท เลขเรียก/บาร์โค้ด สถานที่ สถานะ
1. Book การพยาบาล
หนังสือสำรอง
สถานะ=หนังสือสำรอง
WY18.2 M549 ฉ.1 
  Barcode: 008519
ห้องสมุดวิทยาเขตสวรรค์ประชารักษ์
►หนังสือทั่วไป
ถูกยืม กำหนดส่งวันที่ 5 ธันวาคม 2568
  จอง

รายการใกล้เคียง
    หัวเรื่อง [nursing]

BibComment


ยังไม่เคยถูกคอมเมนท์

คอมเมนท์ทรัพยากรรายการนี้
  คอมเมนท์: Mental health in..


 Copyright 2026. Bcnsprnw @Library